Doctors, drugs and steel, (Record no. 90746)

MARC details
000 -LEADER
fixed length control field 00645cam a22002291 4500
001 - CONTROL NUMBER
control field sg 46000126
003 - CONTROL NUMBER IDENTIFIER
control field DLC
005 - DATE AND TIME OF LATEST TRANSACTION
control field 20260227112748.0
008 - FIXED-LENGTH DATA ELEMENTS--GENERAL INFORMATION
fixed length control field 750514s1946 nyucf 000 0 eng c
010 ## - LIBRARY OF CONGRESS CONTROL NUMBER
LC control number sg 46000126
035 ## - SYSTEM CONTROL NUMBER
System control number (OCoLC)1333109
040 ## - CATALOGING SOURCE
Original cataloging agency U.S. Surg.-Gen. Off. Libr.
Transcribing agency FM
Modifying agency OCoLC
-- DLC
042 ## - AUTHENTICATION CODE
Authentication code premarc
050 00 - LIBRARY OF CONGRESS CALL NUMBER
Classification number R131
Item number .P58 1946
082 ## - DEWEY DECIMAL CLASSIFICATION NUMBER
Classification number 610.9
100 1# - MAIN ENTRY--PERSONAL NAME
Personal name Podolsky, Edward,
Dates associated with a name 1902-
245 10 - TITLE STATEMENT
Title Doctors, drugs and steel,
Statement of responsibility, etc. by Edward Podolsky, M.D.
260 ## - PUBLICATION, DISTRIBUTION, ETC.
Place of publication, distribution, etc. New York,
Name of publisher, distributor, etc. B. Ackerman, inc.
Date of publication, distribution, etc. [1946]
300 ## - PHYSICAL DESCRIPTION
Extent 384 p.
Other physical details plates, ports.
Dimensions 24 cm.
650 #0 - SUBJECT ADDED ENTRY--TOPICAL TERM
Topical term or geographic name entry element Medicine.
650 #0 - SUBJECT ADDED ENTRY--TOPICAL TERM
Topical term or geographic name entry element Medicine
General subdivision History.

No items available.

Powered by Koha